00339nam a2200145Ia 45000030006000000080041000060400015000471000032000622450016000942500006001102600040001163000006001565460014001620050017001760STCL150530s9999 xx 000 0 und d aSTCLcSTCL aPrakriti Samrakshana Samiti aVana Parvam a1 bD.C. book; Kottayamc1983aKottayam a0 aMalayalam20220125170710.0